Questions aléatoires de géographie - 1 - Statistiques

Statistiques générales
  • Ce quiz a été pris 166 fois
  • Le résultat moyen est 7 sur 15
Statistiques - réponses
Hint Réponse % Correct
Quelle est la plus grande ville d'Allemagne ? Berlin
100%
Comment appelle-t-on un habitant de Madagascar ? un malgache
80%
Dans quel fleuve se jette la Meuse ? le Rhin
78%
De quel pays est originaire le diable de Tasmanie ? l Australie
72%
De quelle couleur est l'aigle à deux têtes sur le drapeau albanien ? noire
68%
Quelle est la plus grande ville suisse ? Zurich
62%
Quel détroit sépare l'Asie de l'Amérique du nord ? le détroit de Béring
57%
Dans quel pays se trouve les villes de London, Laval et Perth ? le Canada
39%
Quel massif recouvre une partie de la Hongrie et de la Roumanie ? les Carpates
35%
Quelle est la plus grande ville d'Italie qui borde la mer de Ligurie ? Gênes
26%
Quelle mer se trouve entre la mer Noire et la mer Egée ? Marmara
16%
Quel est le plus grand volcan français métropolitain ? le puy de Sancy
15%
Quelle île russe se trouve directement au nord du Japon ? Sakhaline
15%
Quelle langue, autre que l'arabe, est la langue officielle du Maroc ? l amazighe
6%
Quelle peuple du Chili et d'Argentine signifie "peuple de la Terre" en mapudungun ? Mapuche
6%
Aucun quiz correspondant
Distribution des résultats
% des personnes avec chaque résultat
Percentile par nombre de réponses
Votre historique - résultats
Vous n’avez pas pris ce quiz